[Event "Deutsche Ländermeisterschaft 2015"]
[Site "Hannover GER"]
[Date "2015.10.04"]
[Round "2"]
[White "Nguyen, Alex Dac-Vuong"]
[Black "Wu, Luka"]
[Result "1/2-1/2"]
[Termination "normal"]
[Board "6.7"]
[WhiteElo "1824"]
[BlackElo "1695"]
[WhiteTeam "Sachsen"]
[BlackTeam "Baden 2"]
[PlyCount "129"]
[WhiteFideId "12984388"]
[BlackFideId "12977420"]
[EventCountry "GER"]
[EventRounds "7"]
[EventType "team-swiss"]
[EventDate "2015.10.02"]

1. e4 e5 2. Nf3 Nc6 3. Bc4 Bc5 4. O-O Nf6 5. d4 Bxd4 6. Nxd4 Nxd4 7. Bg5 d6 8.
f4 Qe7 9. Nc3 c6 10. a4 Be6 11. fxe5 dxe5 12. Bxe6 Qxe6 13. Bxf6 gxf6 14. Ne2
Nxe2+ 15. Qxe2 Rg8 16. Rf5 Ke7 17. Raf1 Rad8 18. Qf2 Rg6 19. Qxa7 Qd7 20. c3
Rdg8 21. Qc5+ Ke6 22. Qc4+ Ke7 23. R1f2 R8g7 24. Qf1 Qe6 25. Rd2 Rg4 26. Qd3
Rg8 27. g3 Ra8 28. c4 Rgg8 29. Qa3+ Ke8 30. Qb4 Qe7 31. c5 Kf8 32. Rd6 Kg7 33.
Rfxf6 Ra7 34. Rf5 Raa8 35. Qc3 Rge8 36. Qd2 Rad8 37. Qh6+ Kh8 38. Rdf6 Qxc5+
39. Rf2 Rd7 40. Kg2 Qc4 41. Qh4 Rg8 42. Kh3 Rg7 43. R2f5 Re7 44. Rd6 Re8 45.
Qf6 Kg8 46. Rxe5 Rf8 47. Rd8 Rg6 48. Rg5 Rxd8 49. Qxd8+ Kg7 50. Rxg6+ hxg6 51.
Qe7 Qxa4 52. b4 Qb5 53. e5 Qf1+ 54. Kh4 Qf5 55. g4 Qf2+ 56. Kh3 Qf3+ 57. Kh4
Qg2 58. Qf6+ Kg8 59. h3 Qd2 60. Qe7 Qf2+ 61. Kg5 Qe3+ 62. Kh4 Qf2+ 63. Kg5 Qe3+
64. Kh4 Qf2+ 65. Kg5 1/2-1/2

[Event "Deutsche Ländermeisterschaft 2015"]
[Site "Hannover GER"]
[Date "2015.10.04"]
[Round "2"]
[White "Youness, Fatima"]
[Black "Nguyen, Phuong Thao Vivien"]
[Result "0-1"]
[Termination "normal"]
[Board "6.8"]
[WhiteElo "1413"]
[BlackElo "1205"]
[WhiteTeam "Baden 2"]
[BlackTeam "Sachsen"]
[PlyCount "50"]
[WhiteFideId "16214404"]
[BlackFideId "16210735"]
[EventCountry "GER"]
[EventRounds "7"]
[EventType "team-swiss"]
[EventDate "2015.10.02"]

1. e4 c5 2. Nf3 d6 3. Nc3 Nf6 4. Bc4 g6 5. d4 cxd4 6. Nxd4 Bg7 7. Be3 O-O 8. f3
Nc6 9. Qd2 Bd7 10. O-O-O Rc8 11. Nxc6 bxc6 12. Bh6 Rb8 13. g4 Qb6 14. b3 Qb4
15. Bxg7 Kxg7 16. h4 Qa3+ 17. Kb1 Rb4 18. h5 Rxc4 19. hxg6 fxg6 20. Qh6+ Kf7
21. g5 Rxc3 22. gxf6 exf6 23. Rxd6 Qxd6 24. Qxh7+ Ke8 25. Qxg6+ Kd8 0-1

[Event "Deutsche Ländermeisterschaft 2015"]
[Site "Hannover GER"]
[Date "2015.10.04"]
[Round "2"]
[White "Wielebinski, Paul Martin"]
[Black "Uksini, Bardhyl"]
[Result "1/2-1/2"]
[Termination "normal"]
[Board "7.1"]
[WhiteElo "1938"]
[BlackElo "2307"]
[WhiteTeam "Niedersachsen 2"]
[BlackTeam "Hamburg"]
[PlyCount "131"]
[WhiteFideId "12987930"]
[BlackFideId "1628313"]
[EventCountry "GER"]
[EventRounds "7"]
[EventType "team-swiss"]
[EventDate "2015.10.02"]

1. e4 c5 2. Nf3 e6 3. d4 cxd4 4. Nxd4 Nc6 5. Nc3 Qc7 6. g3 a6 7. Bg2 d6 8. O-O
Bd7 9. Re1 Be7 10. a4 Nf6 11. Nxc6 Bxc6 12. Qe2 O-O 13. Bf4 Rfd8 14. Rad1 Rac8
15. Nd5 Bxd5 16. exd5 e5 17. c3 Nd7 18. Bd2 Nc5 19. Qc4 Qb6 20. Bh3 Rc7 21. Rb1
Nb3 22. Be3 Rxc4 23. Bxb6 Rf8 24. Be3 Rxa4 25. Bf5 Rc4 26. Bd3 Rcc8 27. Bf5 Rb8
28. Bc2 Na5 29. b3 Rfc8 30. Bd2 Bd8 31. Bf5 Rc7 32. c4 b6 33. f4 g6 34. Bh3 Bf6
35. Bc3 Nb7 36. fxe5 Bxe5 37. Rxe5 dxe5 38. Bxe5 Rcc8 39. b4 Ra8 40. Bxc8 Rxc8
41. Rc1 a5 42. bxa5 Nxa5 43. d6 Rd8 44. h4 f6 45. Bf4 g5 46. hxg5 fxg5 47. Bxg5
Rxd6 48. Be3 Rc6 49. Kg2 Kf7 50. Rh1 Kg7 51. Bd4+ Kg6 52. Be3 Kg7 53. Bd4+ Kg8
54. Ra1 Kf7 55. Bxb6 Nxc4 56. Bd4 Nd6 57. Ra7+ Kg6 58. Rg7+ Kh6 59. Rg8 Nf5 60.
Be5 Rg6 61. Rf8 Kg5 62. Kf3 Re6 63. Rg8+ Rg6 64. Rf8 Re6 65. Rg8+ Rg6 66. Rf8
1/2-1/2

[Event "Deutsche Ländermeisterschaft 2015"]
[Site "Hannover GER"]
[Date "2015.10.04"]
[Round "2"]
[White "Kramer, Julian"]
[Black "Koch, Yannick"]
[Result "1-0"]
[Termination "normal"]
[Board "7.2"]
[WhiteTitle "FM"]
[WhiteElo "2323"]
[BlackElo "1955"]
[WhiteTeam "Hamburg"]
[BlackTeam "Niedersachsen 2"]
[PlyCount "109"]
[WhiteFideId "12921742"]
[BlackFideId "24661678"]
[EventCountry "GER"]
[EventRounds "7"]
[EventType "team-swiss"]
[EventDate "2015.10.02"]

1. e4 e6 2. d4 d5 3. Nc3 Nf6 4. e5 Nfd7 5. f4 c5 6. Nf3 Nc6 7. Be3 a6 8. Qd2 b5
9. dxc5 Bxc5 10. Bd3 Qb6 11. Bf2 Bb7 12. O-O Bxf2+ 13. Rxf2 Nc5 14. a3 Rd8 15.
Qc1 Nxd3 16. cxd3 Rc8 17. Qd1 Ne7 18. d4 Nf5 19. Qd2 O-O 20. Ne2 Rc4 21. b3 Rc7
22. Rff1 Rfc8 23. Rfc1 a5 24. Rxc7 Rxc7 25. g4 Ne7 26. Rc1 Rxc1+ 27. Nxc1 b4
28. axb4 axb4 29. Nd3 Nc6 30. Nc5 Ba6 31. Kg2 Qb5 32. Kg3 Qe2 33. Nxa6 Qxa6 34.
f5 h6 35. f6 Qf1 36. fxg7 Kxg7 37. h4 Qb1 38. Qf4 Qd3 39. Kg2 Qe2+ 40. Kg3 Qd3
41. h5 Qxb3 42. g5 hxg5 43. h6+ Kxh6 44. Qf6+ Kh7 45. Qxf7+ Kh8 46. Qe8+ Kg7
47. Qd7+ Kf8 48. Qxc6 Qe3 49. Qd6+ Kf7 50. Qd7+ Kf8 51. Qd8+ Kf7 52. Qf6+ Ke8
53. Qxe6+ Kf8 54. Qf6+ Ke8 55. e6 1-0

[Event "Deutsche Ländermeisterschaft 2015"]
[Site "Hannover GER"]
[Date "2015.10.04"]
[Round "2"]
[White "Brunner, Wilken"]
[Black "Pfreundt, Jakob"]
[Result "1/2-1/2"]
[Termination "normal"]
[Board "7.3"]
[WhiteElo "1783"]
[BlackElo "2274"]
[WhiteTeam "Niedersachsen 2"]
[BlackTeam "Hamburg"]
[PlyCount "108"]
[WhiteFideId "12928771"]
[BlackFideId "12918156"]
[EventCountry "GER"]
[EventRounds "7"]
[EventType "team-swiss"]
[EventDate "2015.10.02"]

1. c4 e6 2. Nf3 d5 3. d4 a6 4. g3 dxc4 5. Bg2 Nc6 6. O-O Nf6 7. e3 Bd6 8. Qe2
O-O 9. Rd1 Qe7 10. Nbd2 e5 11. dxe5 Bxe5 12. Nxc4 Rb8 13. Nfxe5 Nxe5 14. b3 Bg4
15. f3 Nxc4 16. Qxc4 Be6 17. Qe2 Rfc8 18. Bb2 c5 19. Rac1 b5 20. Ba3 Qa7 21. b4
cxb4 22. Bxb4 Bc4 23. Qf2 Nd5 24. Bd6 Nc7 25. Bf1 Ra8 26. Bxc4 bxc4 27. Rxc4
Nb5 28. Rxc8+ Rxc8 29. Be5 Qe7 30. Bb2 h5 31. e4 f6 32. Qd2 Qe6 33. a4 Na7 34.
Qd5 Qxd5 35. Rxd5 Rc2 36. Rd8+ Kf7 37. Rd7+ Ke6 38. Rxa7 Rxb2 39. Rxa6+ Ke5 40.
a5 Kd4 41. Rb6 Ra2 42. a6 Ke3 43. Rb3+ Ke2 44. Kg2 Rxa6 45. Rb2+ Ke3 46. Rf2 g5
47. h3 h4 48. g4 Ra3 49. Rb2 Kf4 50. e5 Kxe5 51. Re2+ Kd4 52. Kf2 Rd3 53. Re4+
Kd5 54. Re2 Kd4 1/2-1/2

[Event "Deutsche Ländermeisterschaft 2015"]
[Site "Hannover GER"]
[Date "2015.10.04"]
[Round "2"]
[White "Engel, Luis"]
[Black "Meric, Geoffrey"]
[Result "1/2-1/2"]
[Termination "normal"]
[Board "7.4"]
[WhiteElo "2166"]
[BlackElo "1706"]
[WhiteTeam "Hamburg"]
[BlackTeam "Niedersachsen 2"]
[PlyCount "123"]
[WhiteFideId "12961523"]
[BlackFideId "26092891"]
[EventCountry "GER"]
[EventRounds "7"]
[EventType "team-swiss"]
[EventDate "2015.10.02"]

1. e4 c5 2. Nf3 Nc6 3. Bb5 g6 4. Bxc6 dxc6 5. d3 Bg7 6. h3 Nf6 7. O-O O-O 8.
Nbd2 Ne8 9. a3 Nc7 10. Rb1 a5 11. Nc4 Ne6 12. Be3 Nd4 13. b4 axb4 14. axb4 cxb4
15. Nxd4 Bxd4 16. Rxb4 b5 17. Nd2 Bxe3 18. fxe3 Qb6 19. Re1 Be6 20. Qb1 Qa5 21.
Nf3 Rfc8 22. Rf1 Qa2 23. Rb2 Qxb1 24. Rfxb1 Ra3 25. Kf2 f6 26. Nd4 Bf7 27. Nf3
Rca8 28. e5 f5 29. Nd4 Bd5 30. Ne2 g5 31. Nd4 e6 32. Nf3 h6 33. Nd2 Kg7 34. e4
fxe4 35. dxe4 Ba2 36. Ra1 R3a4 37. Nf3 Bc4 38. Rd1 Ra2 39. Rd7+ Kg6 40. Rxa2
Rxa2 41. Ne1 b4 42. Rd4 Bb3 43. Rxb4 Bxc2 44. Nxc2 Rxc2+ 45. Kf3 h5 46. Rb7
Rc3+ 47. Kf2 Rc5 48. Rb4 h4 49. Kf3 Kh5 50. Rb3 Rxe5 51. Rc3 Ra5 52. Rxc6 e5
53. Re6 Ra3+ 54. Kf2 Ra2+ 55. Kg1 Ra5 56. Kh2 g4 57. hxg4+ Kxg4 58. Re8 Kf4 59.
Kh3 Kxe4 60. Kxh4 Kf5 61. g4+ Kg6 62. Rb8 1/2-1/2

[Event "Deutsche Ländermeisterschaft 2015"]
[Site "Hannover GER"]
[Date "2015.10.04"]
[Round "2"]
[White "Möller, Hannah"]
[Black "Rogozenco, Teodora"]
[Result "0-1"]
[Termination "normal"]
[Board "7.5"]
[WhiteElo "1638"]
[BlackElo "2110"]
[WhiteTeam "Niedersachsen 2"]
[BlackTeam "Hamburg"]
[PlyCount "46"]
[WhiteFideId "1270514"]
[BlackFideId "12938084"]
[EventCountry "GER"]
[EventRounds "7"]
[EventType "team-swiss"]
[EventDate "2015.10.02"]

1. Nf3 d5 2. g3 Nf6 3. Bg2 Bg4 4. h3 Bh5 5. O-O Nbd7 6. d3 e6 7. c4 c6 8. a3
Be7 9. b4 O-O 10. Bb2 a5 11. b5 cxb5 12. cxb5 a4 13. Nc3 Qa5 14. Rc1 Rfc8 15.
Qd2 Nc5 16. Qe1 Nb3 17. Rb1 Bxa3 18. Bxa3 Qxc3 19. Bb4 Qxe1 20. Rfxe1 Bxf3 21.
Bxf3 Nd4 22. Bg2 a3 23. Ra1 Nc2 0-1

[Event "Deutsche Ländermeisterschaft 2015"]
[Site "Hannover GER"]
[Date "2015.10.04"]
[Round "2"]
[White "Woelk, Tom-Frederic"]
[Black "Pubantz, Jan"]
[Result "0-1"]
[Termination "normal"]
[Board "7.6"]
[WhiteElo "1806"]
[BlackElo "1435"]
[WhiteTeam "Hamburg"]
[BlackTeam "Niedersachsen 2"]
[PlyCount "136"]
[WhiteFideId "12993077"]
[BlackFideId "12996114"]
[EventCountry "GER"]
[EventRounds "7"]
[EventType "team-swiss"]
[EventDate "2015.10.02"]

1. e4 c6 2. d4 d5 3. Nc3 dxe4 4. Nxe4 Bf5 5. Ng3 Bg6 6. Nf3 Nd7 7. h4 h6 8. h5
Bh7 9. Bd3 Bxd3 10. Qxd3 e6 11. Bd2 Ngf6 12. O-O-O Be7 13. Ne4 Nxe4 14. Qxe4
Nf6 15. Qd3 O-O 16. Qe2 Qd5 17. c4 Qe4 18. Qxe4 Nxe4 19. Be3 Rfd8 20. Kc2 Nd6
21. Kc3 Bf6 22. Ne5 Rac8 23. Ng4 Be7 24. Rhe1 f5 25. Ne5 Bf6 26. b3 c5 27. f4
cxd4+ 28. Rxd4 Nb5+ 29. Kd3 Nxd4 30. Bxd4 Rc7 31. Kc3 b5 32. Nf3 Bxd4+ 33. Nxd4
b4+ 34. Kxb4 Rxd4 35. Rxe6 Rd2 36. a4 Kf7 37. Re3 Rxg2 38. Kb5 Rb2 39. c5 Rb7+
40. Kc4 Rc2+ 41. Kd5 Rc7 42. b4 Rd2+ 43. Kc4 a5 44. Re5 axb4 45. Rxf5+ Ke6 46.
Re5+ Kd7 47. Kxb4 Rd4+ 48. Kb5 Rb7+ 49. Ka6 Rdb4 50. a5 Rb8 51. Ka7 R4b7+ 52.
Ka6 Kc6 53. Re6+ Kxc5 54. f5 Rc7 55. Re5+ Kd6 56. Re6+ Kd5 57. Rb6 Ra8+ 58. Kb5
Rc5+ 59. Kb4 Raxa5 60. f6 gxf6 61. Rxf6 Ra1 62. Kb3 Rb1+ 63. Ka2 Rb7 64. Ra6
Rc6 65. Ra4 Kd6 66. Ra5 Kc7 67. Ra3 Kb8 68. Ra4 Ra7 0-1

[Event "Deutsche Ländermeisterschaft 2015"]
[Site "Hannover GER"]
[Date "2015.10.04"]
[Round "2"]
[White "Lamottke, Svenja"]
[Black "Christiansen, Anna"]
[Result "1/2-1/2"]
[Termination "normal"]
[Board "7.7"]
[WhiteElo "1466"]
[BlackElo "1467"]
[WhiteTeam "Niedersachsen 2"]
[BlackTeam "Hamburg"]
[PlyCount "113"]
[WhiteFideId "12918229"]
[BlackFideId "12952230"]
[EventCountry "GER"]
[EventRounds "7"]
[EventType "team-swiss"]
[EventDate "2015.10.02"]

1. e4 e5 2. Nf3 Nc6 3. d4 exd4 4. Nxd4 Bc5 5. Be3 Qf6 6. c3 Nge7 7. Be2 Bb6 8.
Qd2 O-O 9. O-O Ng6 10. Na3 Re8 11. f3 h6 12. Kh1 Kh7 13. Nc4 Bxd4 14. cxd4 d6
15. Rac1 Nd8 16. Bf2 Ne6 17. d5 Nef4 18. Na5 Re7 19. Rc2 Nxe2 20. Qxe2 b6 21.
Nc6 Rd7 22. Rfc1 a5 23. Nd4 Ba6 24. Qd2 Rc8 25. Nf5 Ne5 26. Bd4 Qg6 27. b3 Qh5
28. Bxb6 cxb6 29. Rxc8 Bxc8 30. Rxc8 g6 31. Ng3 Qh4 32. Rb8 Qe7 33. Rxb6 Ra7
34. Qe2 Qc7 35. Rb5 a4 36. h3 axb3 37. Rxb3 Ra8 38. Rb2 Kg7 39. Qd2 Qe7 40. Qc3
Kh7 41. Kg1 Ra6 42. f4 Qa7+ 43. Kh2 Nd7 44. Qc2 h5 45. Ne2 Rb6 46. Ng1 Rxb2 47.
Qxb2 f6 48. Nf3 Kg7 49. e5 dxe5 50. fxe5 fxe5 51. Kh1 Kf6 52. Qc2 Qa6 53. g3
Qf1+ 54. Kh2 Qxf3 55. Qc6+ Kg5 56. Qxd7 Qf2+ 57. Kh1 1/2-1/2

[Event "Deutsche Ländermeisterschaft 2015"]
[Site "Hannover GER"]
[Date "2015.10.04"]
[Round "2"]
[White "Kieckbusch, Lotta"]
[Black "Abele, Anais"]
[Result "0-1"]
[Termination "normal"]
[Board "7.8"]
[WhiteElo "993"]
[BlackElo "1457"]
[WhiteTeam "Hamburg"]
[BlackTeam "Niedersachsen 2"]
[PlyCount "50"]
[WhiteFideId "16214390"]
[BlackFideId "16208927"]
[EventCountry "GER"]
[EventRounds "7"]
[EventType "team-swiss"]
[EventDate "2015.10.02"]

1. e4 e5 2. Nf3 Nc6 3. Bc4 Nf6 4. d4 exd4 5. O-O Be7 6. e5 Ne4 7. Re1 Ng5 8.
Nxd4 O-O 9. Nc3 Bc5 10. Nf3 Nxf3+ 11. Qxf3 Qh4 12. Ne4 Nxe5 13. Qc3 Nxc4 14.
Qxc4 Bxf2+ 15. Kf1 Bxe1 16. g3 Qe7 17. Bg5 Qe5 18. Rxe1 Qf5+ 19. Kg2 d5 20.
Qxc7 dxe4 21. Rd1 Qf3+ 22. Kg1 Qxd1+ 23. Kf2 Qf3+ 24. Kg1 Bh3 25. Qc4 Qg2# 0-1

[Event "Deutsche Ländermeisterschaft 2015"]
[Site "Hannover GER"]
[Date "2015.10.04"]
[Round "2"]
[White "Fidorra, Thomas"]
[Black "Urban, Lars"]
[Result "1/2-1/2"]
[Termination "normal"]
[Board "8.1"]
[WhiteElo "1972"]
[BlackElo "2138"]
[WhiteTeam "Mecklenburg-Vorpommern"]
[BlackTeam "Thüringen"]
[PlyCount "120"]
[WhiteFideId "12913332"]
[BlackFideId "4644034"]
[EventCountry "GER"]
[EventRounds "7"]
[EventType "team-swiss"]
[EventDate "2015.10.02"]

1. e4 e6 2. d4 d5 3. Nc3 Nf6 4. e5 Nfd7 5. f4 c5 6. Nce2 Nc6 7. Nf3 Qb6 8. c3
Be7 9. a3 O-O 10. g3 f6 11. Bh3 cxd4 12. cxd4 fxe5 13. Nxe5 Ndxe5 14. fxe5 Bd7
15. Qd3 Kh8 16. Bd2 Be8 17. Bc3 Bg6 18. Qe3 Be4 19. Rf1 Nxe5 20. Nf4 Bg5 21.
Ng6+ Bxg6 22. Qxe5 Bf6 23. Qf4 Qb3 24. Qd2 Rac8 25. Bg4 h6 26. Bd1 Qc4 27. Be2
Qc7 28. Bd3 Bxd3 29. Qxd3 e5 30. dxe5 Bxe5 31. Rxf8+ Rxf8 32. Bxe5 Qxe5+ 33.
Qe2 Qf6 34. O-O-O d4 35. Qe4 Rd8 36. Qd3 Qd6 37. Kb1 Qd5 38. Re1 b5 39. Qe4 Qc4
40. Rc1 Qb3 41. Qe7 Qg8 42. Qxa7 d3 43. Qc5 d2 44. Rd1 Qb3 45. Qc2 Qd5 46. Qc3
Qe4+ 47. Qc2 Qe2 48. h4 h5 49. Ka2 Qe6+ 50. Qb3 Qg4 51. Qc2 Qe2 52. Qc7 Qe6+
53. Kb1 Qe4+ 54. Qc2 Qd5 55. Qc3 Kg8 56. b3 Qe4+ 57. Kb2 Qe2 58. Qc2 Qe3 59.
Qc3 Qe2 60. Qc2 Qe3 1/2-1/2

[Event "Deutsche Ländermeisterschaft 2015"]
[Site "Hannover GER"]
[Date "2015.10.04"]
[Round "2"]
[White "Hoffmann, Tim"]
[Black "Schmekel, Florian"]
[Result "1/2-1/2"]
[Termination "normal"]
[Board "8.2"]
[WhiteElo "2119"]
[BlackElo "1919"]
[WhiteTeam "Thüringen"]
[BlackTeam "Mecklenburg-Vorpommern"]
[PlyCount "76"]
[WhiteFideId "12900338"]
[BlackFideId "12913456"]
[EventCountry "GER"]
[EventRounds "7"]
[EventType "team-swiss"]
[EventDate "2015.10.02"]

1. e4 c5 2. Nf3 Nc6 3. d4 cxd4 4. Nxd4 g6 5. Nc3 Bg7 6. Be3 Nf6 7. Bc4 Qa5 8.
O-O O-O 9. Nb3 Qc7 10. Be2 d6 11. f4 b6 12. Bf3 Bb7 13. Rf2 Rfc8 14. Rc1 Nb4
15. a3 Na6 16. Rb1 Nc5 17. Nxc5 bxc5 18. Nd5 Bxd5 19. exd5 Rab8 20. c3 Nd7 21.
Qc2 Rb7 22. Re1 Nb6 23. Bc1 Rcb8 24. Rfe2 Bf6 25. Qe4 Qd8 26. Rc2 Qe8 27. b4
Na4 28. Bd2 Rc7 29. Rec1 a5 30. Be2 axb4 31. axb4 Rbb7 32. b5 c4 33. Bxc4 Qc8
34. Bf1 Nxc3 35. Bxc3 Bxc3 36. Kh1 Ba5 37. Rc6 Bb6 38. Ra1 Qb8 1/2-1/2

[Event "Deutsche Ländermeisterschaft 2015"]
[Site "Hannover GER"]
[Date "2015.10.04"]
[Round "2"]
[White "Schumann, Rabea"]
[Black "Nguyen, Huy Dat"]
[Result "0-1"]
[Termination "normal"]
[Board "8.3"]
[WhiteElo "1776"]
[BlackElo "2089"]
[WhiteTeam "Mecklenburg-Vorpommern"]
[BlackTeam "Thüringen"]
[PlyCount "80"]
[WhiteFideId "12918199"]
[BlackFideId "12923486"]
[EventCountry "GER"]
[EventRounds "7"]
[EventType "team-swiss"]
[EventDate "2015.10.02"]

1. e4 c5 2. Nc3 g6 3. f4 Bg7 4. Nf3 e6 5. e5 d6 6. Nb5 dxe5 7. fxe5 Nc6 8. Nd6+
Kf8 9. d4 cxd4 10. Bf4 Nxe5 11. Bxe5 Bxe5 12. Nc4 Bf6 13. Qd2 Ne7 14. O-O-O Nc6
15. Bd3 Qd5 16. b3 Kg7 17. Rhf1 Rf8 18. g4 b5 19. Na3 a6 20. g5 Be7 21. Nb1 Ne5
22. Nxe5 Qxe5 23. h4 Bb7 24. Rde1 Qc5 25. Be4 Bxe4 26. Rxe4 Rad8 27. Qd3 e5 28.
Rfe1 Bd6 29. Rh1 f5 30. gxf6+ Rxf6 31. Rg1 Rc8 32. Re2 Rcf8 33. Reg2 Qd5 34. h5
e4 35. Qd1 Bf4+ 36. Kb2 g5 37. Qg4 h6 38. Qe2 Qe5 39. c3 dxc3+ 40. Nxc3 b4 0-1

[Event "Deutsche Ländermeisterschaft 2015"]
[Site "Hannover GER"]
[Date "2015.10.04"]
[Round "2"]
[White "Weishäutel, Moritz"]
[Black "Schamber, Dennis"]
[Result "1-0"]
[Termination "normal"]
[Board "8.4"]
[WhiteElo "1970"]
[BlackElo "1657"]
[WhiteTeam "Thüringen"]
[BlackTeam "Mecklenburg-Vorpommern"]
[PlyCount "41"]
[WhiteFideId "12967300"]
[BlackFideId "12952176"]
[EventCountry "GER"]
[EventRounds "7"]
[EventType "team-swiss"]
[EventDate "2015.10.02"]

1. e4 c5 2. Nf3 d6 3. d4 cxd4 4. Nxd4 Nf6 5. Nc3 e6 6. Bc4 a6 7. O-O b5 8. Bb3
b4 9. Na4 Nxe4 10. Re1 Nf6 11. Qf3 d5 12. Bf4 Bb7 13. Rxe6+ fxe6 14. Nxe6 Qc8
15. Nc7+ Kf7 16. Nb6 Qd8 17. Ncxa8 Bxa8 18. Nxa8 Bd6 19. Bxd5+ Ke8 20. Re1+ Be7
21. Nc7+ 1-0

[Event "Deutsche Ländermeisterschaft 2015"]
[Site "Hannover GER"]
[Date "2015.10.04"]
[Round "2"]
[White "Wagner, Swenja"]
[Black "Riedel, Erich"]
[Result "1/2-1/2"]
[Termination "normal"]
[Board "8.5"]
[WhiteElo "1719"]
[BlackElo "1826"]
[WhiteTeam "Mecklenburg-Vorpommern"]
[BlackTeam "Thüringen"]
[PlyCount "46"]
[WhiteFideId "12900494"]
[BlackFideId "12958646"]
[EventCountry "GER"]
[EventRounds "7"]
[EventType "team-swiss"]
[EventDate "2015.10.02"]

1. e4 e6 2. d3 d5 3. Nd2 Nf6 4. Ngf3 Bc5 5. g3 dxe4 6. Nb3 Bxf2+ 7. Kxf2 exf3
8. Qxf3 Qd5 9. Bg2 Qxf3+ 10. Bxf3 O-O 11. Bf4 c6 12. c4 Nbd7 13. Rhe1 Re8 14.
d4 Nf8 15. Rad1 Ng6 16. Bd6 Rd8 17. Bb4 h6 18. Nc5 Rb8 19. Nb3 Kh7 20. a3 Kg8
21. Na5 Ra8 22. h3 Kh7 23. Kg2 Kg8 1/2-1/2

[Event "Deutsche Ländermeisterschaft 2015"]
[Site "Hannover GER"]
[Date "2015.10.04"]
[Round "2"]
[White "Nguyen, Ha Thanh"]
[Black "Lange, Jannis"]
[Result "1/2-1/2"]
[Termination "normal"]
[Board "8.6"]
[WhiteElo "1719"]
[BlackElo "1741"]
[WhiteTeam "Thüringen"]
[BlackTeam "Mecklenburg-Vorpommern"]
[PlyCount "106"]
[WhiteFideId "12942154"]
[BlackFideId "12993107"]
[EventCountry "GER"]
[EventRounds "7"]
[EventType "team-swiss"]
[EventDate "2015.10.02"]

1. e4 c5 2. Nf3 Nc6 3. d4 cxd4 4. Nxd4 Nf6 5. Nc3 e5 6. Ndb5 d6 7. Bd3 a6 8.
Na3 b5 9. Ne2 Be7 10. O-O O-O 11. h3 Be6 12. Ng3 Nd7 13. Be2 Nb6 14. c3 Qd7 15.
Nc2 Rfd8 16. Ne3 d5 17. exd5 Nxd5 18. Nxd5 Qxd5 19. Qc2 Qd7 20. Be3 Qc7 21. Bf3
Rac8 22. a4 Bc4 23. Be2 Bxe2 24. Qxe2 b4 25. Qxa6 Rb8 26. cxb4 Nxb4 27. Qe2 Qc2
28. Qg4 Qg6 29. Nf5 Bf6 30. Qxg6 hxg6 31. Ng3 Nc2 32. Rab1 Nxe3 33. fxe3 Rb4
34. b3 Rd2 35. Rfc1 Bg5 36. Rc3 e4 37. Nf1 Rd3 38. Rxd3 exd3 39. Kf2 Bf6 40.
Nd2 Bc3 41. Nc4 f6 42. Kf3 Kf7 43. Ke4 d2 44. Kd3 Rxb3 45. Rd1 Bb4+ 46. Ke2 Rc3
47. Nxd2 Ra3 48. Nf1 Rxa4 49. Rd7+ Be7 50. Rb7 Ke6 51. Kf3 f5 52. Rb6+ Kf7 53.
Ng3 Bf6 1/2-1/2

[Event "Deutsche Ländermeisterschaft 2015"]
[Site "Hannover GER"]
[Date "2015.10.04"]
[Round "2"]
[White "Troyke, Jannis"]
[Black "Ratay, Meike"]
[Result "0-1"]
[Termination "normal"]
[Board "8.7"]
[WhiteElo "1877"]
[BlackElo "1611"]
[WhiteTeam "Mecklenburg-Vorpommern"]
[BlackTeam "Thüringen"]
[PlyCount "80"]
[WhiteFideId "12993115"]
[BlackFideId "12977608"]
[EventCountry "GER"]
[EventRounds "7"]
[EventType "team-swiss"]
[EventDate "2015.10.02"]

1. e4 e5 2. Nf3 Nc6 3. d4 exd4 4. Bc4 Bb4+ 5. Nbd2 Nf6 6. e5 Ne4 7. O-O Nxd2 8.
Bxd2 Bxd2 9. Qxd2 O-O 10. Qf4 Qe7 11. Rfe1 Re8 12. Rad1 h6 13. Nxd4 Nxe5 14.
Nf5 Qg5 15. Qxg5 hxg5 16. Bb3 d6 17. Ng3 Bg4 18. f3 Be6 19. Ba4 Re7 20. Ne4 f6
21. Nf2 a6 22. c3 Bxa2 23. Bc2 Be6 24. Nd3 Nxd3 25. Rxd3 Rae8 26. Rde3 Kf7 27.
Be4 d5 28. Bc2 f5 29. g3 Bd7 30. Rxe7+ Rxe7 31. Rd1 c6 32. Kf2 f4 33. g4 Re3
34. Bb3 Kf6 35. Rd4 Ke5 36. Rd1 b5 37. Ra1 Bc8 38. Bc2 c5 39. Bf5 Bb7 40. Rh1
d4 0-1

[Event "Deutsche Ländermeisterschaft 2015"]
[Site "Hannover GER"]
[Date "2015.10.04"]
[Round "3"]
[White "Bilchinski, Anton"]
[Black "Powierski, Emil"]
[Result "1/2-1/2"]
[Termination "normal"]
[Board "1.1"]
[WhiteTitle "FM"]
[WhiteElo "2271"]
[BlackElo "2278"]
[WhiteClock "00:13:24"]
[BlackClock "00:05:59"]
[WhiteTeam "Bayern"]
[BlackTeam "Schleswig-Holstein"]
[PlyCount "112"]
[WhiteFideId "24615765"]
[BlackFideId "4656199"]
[EventCountry "GER"]
[EventRounds "7"]
[EventType "team-swiss"]
[EventDate "2015.10.02"]

1. d4 Nf6 2. c4 g6 3. Nc3 Bg7 4. e4 d6 5. Nf3 O-O 6. Be2 e5 7. O-O exd4 8. Nxd4
Re8 9. f3 Nc6 10. Nc2 Nh5 11. Be3 Be5 12. g3 Bh3 13. Rf2 Nxg3 14. hxg3 Bxg3 15.
Bf1 Bxf2+ 16. Kxf2 Bxf1 17. Qxf1 Ne5 18. Na3 c6 19. Rd1 Qe7 20. Qh3 f5 21. exf5
Rf8 22. f4 Rxf5 23. Ke2 Nd7 24. Kd2 Re8 25. Nc2 d5 26. Rg1 Rf7 27. cxd5 cxd5
28. Bd4 Rxf4 29. Kc1 Qe6 30. Qh6 Qf7 31. Rxg6+ Qxg6 32. Qxf4 Rf8 33. Qd2 Rf1+
34. Nd1 b6 35. Nce3 Rf7 36. Bc3 Nf6 37. Qd4 Qe4 38. Qd2 Rc7 39. Nc2 Qg6 40. Nb4
Rd7 41. Qd4 Rd6 42. Qe5 Ne4 43. Nxd5 Qg5+ 44. Qxg5+ Nxg5 45. N1e3 Kf7 46. Nf4
Ne4 47. Be5 Rc6+ 48. Kd1 Rc5 49. Bd4 Rg5 50. Ke2 Ng3+ 51. Kf3 Nf5 52. Nxf5 Rxf5
53. Kg4 Ra5 54. a3 Ke7 55. Bc3 Ra4 56. Bb4+ Kd7 1/2-1/2

[Event "Deutsche Ländermeisterschaft 2015"]
[Site "Hannover GER"]
[Date "2015.10.04"]
[Round "3"]
[White "Krause, Benedict"]
[Black "Gretz, Denis"]
[Result "1/2-1/2"]
[Termination "normal"]
[Board "1.2"]
[WhiteTitle "FM"]
[WhiteElo "2289"]
[BlackElo "2129"]
[WhiteClock "00:21:31"]
[BlackClock "00:14:16"]
[WhiteTeam "Schleswig-Holstein"]
[BlackTeam "Bayern"]
[PlyCount "70"]
[WhiteFideId "12917990"]
[BlackFideId "12945188"]
[EventCountry "GER"]
[EventRounds "7"]
[EventType "team-swiss"]
[EventDate "2015.10.02"]

1. e4 c5 2. Nf3 d6 3. d4 cxd4 4. Nxd4 Nf6 5. Nc3 a6 6. Bg5 e6 7. f4 Qb6 8. Qd2
Qxb2 9. Rb1 Qa3 10. e5 h6 11. Bh4 dxe5 12. fxe5 Nfd7 13. Ne4 Qxa2 14. Rd1 Qd5
15. Qe3 Qxe5 16. Be2 Bc5 17. Bg3 Bxd4 18. Rxd4 Qa5+ 19. Rd2 O-O 20. Bd6 Nc6 21.
O-O f5 22. Bxf8 Nxf8 23. Nd6 Ne5 24. g4 fxg4 25. Nc4 Nxc4 26. Bxc4 b5 27. Qc5
Bb7 28. Rdf2 Bf3 29. h3 Qd8 30. hxg4 Qh4 31. Rxf3 Qxg4+ 32. Kh2 Qh4+ 33. Kg2
Qg4+ 34. Kh2 Qh4+ 35. Kg2 Qg4+ 1/2-1/2